|
|
|
|
| LEADER |
00625nam a2200193 4500 |
| 020 |
|
|
|c 1495.00
|
| 082 |
|
|
|a 639.3082 DIW-P
|
| 100 |
|
|
|a Diwan, A D, Ed. et al.
|
| 245 |
|
|
|a Physiology of reproduction, breeding and culture of tiger shrimp, penaeus monodon (Fabricius)
|
| 250 |
|
|
|
| 260 |
|
|
|a Narendra Publishing House, New Delhi
|c 2008
|
| 300 |
|
|
|a 292
|
| 490 |
|
|
|
| 500 |
|
|
|
| 590 |
|
|
|a Priya
|b 2011-03-29 13:52:58
|c 1495.00
|
| 650 |
|
|
|a Fishes-breeding
|
| 942 |
|
|
|c BK
|
| 999 |
|
|
|c 97629
|d 97629
|
| 952 |
|
|
|0 0
|1 0
|4 0
|6 639_308200000000000_DIWP
|7 0
|9 111097
|a AQU
|b AQU
|g 1495.00
|l 0
|o 639.3082 DIW-P
|p AQU04118
|r 2019-09-25
|w 2019-09-25
|y BK
|